| 000 | 01012cam a2200289 i 4500 | ||
|---|---|---|---|
| 999 |
_c332009 _d332009 |
||
| 001 | 18114264 | ||
| 003 | NUST | ||
| 005 | 20171107110041.0 | ||
| 008 | 140414s2013 pk b 001 0 eng | ||
| 010 | _a 2013496393 | ||
| 020 | _a9781490361383 | ||
| 040 |
_aDLC _beng _erda _cDLC |
||
| 042 | _apcc | ||
| 050 | 0 | 0 |
_aBP130.4 _b.S378 2013 |
| 082 |
_a297.122 _bSAR |
||
| 100 | 1 |
_aSarwar, Syed Ghulam. _96071 |
|
| 245 | 1 | 2 |
_aA fresh look at the Quran : _bunmasking the truth / _cSyed Ghulam Sarwar. |
| 264 | 1 |
_aLahore, Pakistan : _bSyed Ghulam Sarwar ; _c2013 |
|
| 300 |
_a1 volume (various pagings) ; _c23 cm |
||
| 336 |
_atext _btxt _2rdacontent |
||
| 337 |
_aunmediated _bn _2rdamedia |
||
| 338 |
_avolume _bnc _2rdacarrier |
||
| 500 | _aIncludes bibliographical references and index. | ||
| 630 | 0 | 0 |
_aQurʼan _xCriticism, interpretation, etc. _95998 |
| 630 | 0 | 0 |
_aQurʼan _xCommentaries. _96072 |
| 906 |
_a7 _bcbc _corignew _d2 _encip _f20 _gy-gencatlg |
||
| 942 |
_2ddc _cBK |
||